| 000 | 005750000a22001930004500 | ||
|---|---|---|---|
| 003 | LK-CoMWRAF | ||
| 005 | 20230917224749.0 | ||
| 008 | 230817t ||||| |||| 00| 0 eng d | ||
| 040 |
_aLK-CoMWRAF _dLK-CoMWRAF _eLK-CoMWRAF |
||
| 041 | _aeng | ||
| 082 |
_a297.358 _bGUI |
||
| 245 | _aGuide lines for funeral rites and allied matters | ||
| 260 |
_aKarachi : _bThe Holy Quran society, |
||
| 300 | _a40p | ||
| 650 | _aDeath -- Religious aspects -- Islam | ||
| 650 | _aBurial -- Religious aspects -- Islam | ||
| 650 | _aFuneral rites and ceremonies, Islamic | ||
| 942 | _cBK | ||
| 999 |
_c1779 _d1779 |
||